000 00298nam a22001337a 4500
008 181218b xxu||||| |||| 00| 0 eng d
020 _a0834201445
041 _aeng
080 _a612.39
100 _a10
101 _anut
245 _aNutrtion In Publlc Health
_cKaufman.M
942 _2udc
_cBK
999 _c53440
_d53440